[Event "TUR Cup"]
[Site "Adapazari"]
[Date "2022.03.26"]
[Round "3"]
[White "Isilak, Enes"]
[Black "Arslan, Tayfun"]
[Result "1-0"]
[WhiteElo "2125"]
[BlackElo "1512"]
[PlyCount "131"]
[EventDate "2022.03.25"]
[EventType "swiss"]
[EventRounds "11"]
[EventCountry "TUR"]
[SourceTitle "EXT 2023"]
[Source "ChessBase"]
[SourceDate "2022.10.05"]
[SourceVersion "1"]
[SourceVersionDate "2022.10.05"]
[SourceQuality "1"]

1. d4 Nf6 2. c4 e6 3. g3 d5 4. Nf3 c5 5. Bg2 Nc6 6. 0-0 dxc4 7. dxc5 Qxd1 8. Rxd1 Bxc5 9. Nbd2 c3 10. bxc3 0-0 11. Nb3 Bb6 12. c4 Ne4 13. e3 e5 14. Bb2 f6 15. Nxe5 Nxf2 16. Nxc6 Nxd1 17. Ne7+ Kh8 18. Rxd1 Bxe3+ 19. Kh1 Bg4 20. Re1 Rad8 21. Nd5 Bh6 22. h3 Bc8 23. Kg1 Rfe8 24. Rxe8+ Rxe8 25. Kf2 b6 26. Bd4 Rd8 27. Be3 Ba6 28. Nd2 Bb7 29. Bxh6 gxh6 30. Ke3 b5 31. Kd4 bxc4 32. Nxc4 Kg7 33. Nce3 Kf7 34. Be4 Rd6 35. Nc4 Rd8 36. g4 h5 37. Kc5 Rc8+ 38. Kd4 Rd8 39. Nce3 hxg4 40. hxg4 Rh8 41. Nf5 Bxd5 42. Bxd5+ Kg6 43. Nd6 h5 44. Bf7+ Kg5 45. Bxh5 Kf4 46. a4 Rb8 47. Kc5 Rb1 48. Nc4 a5 49. Nxa5 Rh1 50. Bf7 Kxg4 51. Nb3 f5 52. Bd5 Rh6 53. Nd4 Ra6 54. Kb5 Rd6 55. Kc5 Ra6 56. Bc6 f4 57. Kb5 Ra7 58. Nf3 Re7 59. a5 Re3 60. a6 Rxf3 61. Bxf3+ Kxf3 62. a7 Ke2 63. a8Q f3 64. Qe4+ Kf2 65. Kc4 Kg3 66. Kd3 1-0

[Event "TUR Cup"]
[Site "Antalya"]
[Date "2020.01.26"]
[Round "1"]
[White "Arslan, Tayfun"]
[Black "Kilic, Eray"]
[Result "0-1"]
[WhiteElo "1462"]
[BlackElo "2069"]
[PlyCount "90"]
[EventDate "2020.01.26"]
[EventType "swiss"]
[EventRounds "11"]
[EventCountry "TUR"]
[SourceTitle "CBM 194 Extra"]
[Source "ChessBase"]
[SourceDate "2020.03.31"]
[SourceVersion "1"]
[SourceVersionDate "2020.03.31"]
[SourceQuality "1"]

1. e4 c5 2. Nf3 Nc6 3. d4 cxd4 4. Nxd4 g6 5. Nc3 Bg7 6. Be3 Nf6 7. f3 0-0 8. Qd2 d5 9. exd5 Nxd5 10. Nxd5 Qxd5 11. Nxc6 Qxc6 12. c3 Bf5 13. Rd1 Qa4 14. a3 a6 15. Bd3 Rfd8 16. Qe2 Bxd3 17. Rxd3 e5 18. 0-0 e4 19. fxe4 Qxe4 20. Rxd8+ Rxd8 21. Qf2 Qe6 22. Re1 Re8 23. Bd2 Be5 24. Kh1 Rd8 25. Bf4 Qf5 26. Be3 Qxf2 27. Bxf2 Rd2 28. Rxe5 Rxf2 29. Kg1 Rxb2 30. c4 Rb3 31. Re7 a5 32. a4 b6 33. Ra7 Rc3 34. Rc7 Ra3 35. c5 bxc5 36. Rxc5 Rxa4 37. h3 Kg7 38. Rc6 Rb4 39. g4 a4 40. Ra6 h5 41. gxh5 gxh5 42. Kg2 f6 43. Kg3 Kg6 44. h4 Rb3+ 45. Kf4 Rh3 0-1

[Event "TUR Cup"]
[Site "Antalya"]
[Date "2019.02.02"]
[Round "10"]
[White "Bek, Emir"]
[Black "Arslan, Tayfun"]
[Result "1-0"]
[WhiteElo "1844"]
[BlackElo "1398"]
[PlyCount "55"]
[EventDate "2019.01.27"]
[EventType "swiss"]
[EventRounds "11"]
[EventCountry "TUR"]
[SourceTitle "CBM 188 Extra"]
[Source "ChessBase"]
[SourceDate "2019.02.26"]
[SourceVersion "1"]
[SourceVersionDate "2019.02.26"]
[SourceQuality "1"]

1. d4 Nf6 2. c4 e6 3. Nf3 d5 4. Nc3 c5 5. Bg5 cxd4 6. Nxd4 Be7 7. e3 Nc6 8. cxd5 Nxd5 9. Nxc6 bxc6 10. Bxe7 Qxe7 11. Rc1 Bb7 12. Be2 0-0 13. 0-0 Rfd8 14. Qa4 Qg5 15. Ne4 Qe7 16. Nc5 Nb6 17. Qa5 Rdc8 18. Nxb7 Qxb7 19. Ba6 Qe7 20. Bxc8 Rxc8 21. Rfd1 h6 22. Rd2 Kh7 23. b3 Nd5 24. Qa6 Qc7 25. a3 Rd8 26. Qxc6 Qe5 27. Qc2+ g6 28. e4 1-0

[Event "TUR Cup"]
[Site "Antalya"]
[Date "2019.01.31"]
[Round "8"]
[White "Yalcindag, Hakan"]
[Black "Arslan, Tayfun"]
[Result "1/2-1/2"]
[WhiteElo "1417"]
[BlackElo "1398"]
[PlyCount "129"]
[EventDate "2019.01.27"]
[EventType "swiss"]
[EventRounds "11"]
[EventCountry "TUR"]
[SourceTitle "CBM 188 Extra"]
[Source "ChessBase"]
[SourceDate "2019.02.26"]
[SourceVersion "1"]
[SourceVersionDate "2019.02.26"]
[SourceQuality "1"]

1. c4 c5 2. g3 g6 3. Bg2 Bg7 4. Nc3 Nc6 5. Nf3 Nf6 6. 0-0 0-0 7. e3 d5 8. cxd5 Nxd5 9. a3 Nb6 10. Ne2 e5 11. e4 Be6 12. b3 Na5 13. b4 cxb4 14. axb4 Nb3 15. Rb1 Nxc1 16. Nxc1 Nc4 17. Nb3 b6 18. d4 exd4 19. Nbxd4 Bd7 20. Qe2 Ne5 21. Rfd1 Nxf3+ 22. Bxf3 Qe7 23. Nb5 Be6 24. Bg4 Bxg4 25. Qxg4 Rad8 26. Na3 Rxd1+ 27. Qxd1 Rd8 28. Qb3 Qd7 29. Nc4 Bd4 30. Ne3 Bxe3 31. Qxe3 Qd3 32. Qxd3 Rxd3 33. Kg2 Ra3 34. f4 f6 35. Rc1 Ra4 36. Rc8+ Kg7 37. Rc7+ Kh6 38. Kf3 Rxb4 39. Rxa7 Rb3+ 40. Kg4 Rb5 41. Rf7 Rb4 42. Rxf6 Rxe4 43. Rxb6 Re7 44. h4 Kg7 45. h5 Rc7 46. Rb5 Rd7 47. Re5 Rf7 48. Kg5 gxh5 49. Kxh5 Ra7 50. g4 Ra1 51. Kg5 Ra7 52. Re6 Rc7 53. Rd6 Re7 54. f5 Ra7 55. Rh6 Rc7 56. Re6 Ra7 57. f6+ Kf7 58. Re5 h6+ 59. Kf5 Ra4 60. Re7+ Kg8 61. Rg7+ Kh8 62. Ke6 Rb4 63. Rc7 Rxg4 64. f7 Kg7 65. Ke5 1/2-1/2

[Event "TUR Cup"]
[Site "Antalya"]
[Date "2019.01.29"]
[Round "4"]
[White "Demirel, Yusuf Ziya"]
[Black "Arslan, Tayfun"]
[Result "1/2-1/2"]
[WhiteElo "1711"]
[BlackElo "1398"]
[PlyCount "93"]
[EventDate "2019.01.27"]
[EventType "swiss"]
[EventRounds "11"]
[EventCountry "TUR"]
[SourceTitle "CBM 188 Extra"]
[Source "ChessBase"]
[SourceDate "2019.02.26"]
[SourceVersion "1"]
[SourceVersionDate "2019.02.26"]
[SourceQuality "1"]

1. e4 c5 2. Nf3 Nc6 3. d4 cxd4 4. Nxd4 e5 5. Nb5 d6 6. N1c3 a6 7. Na3 h6 8. Nc4 b5 9. Ne3 Nf6 10. Ned5 Nxd5 11. Nxd5 Ne7 12. Be3 Nxd5 13. Qxd5 Be6 14. Qc6+ Bd7 15. Qd5 Be6 16. Qc6+ Bd7 17. Qb6 Be7 18. Be2 Qxb6 19. Bxb6 f5 20. Bh5+ Kf8 21. Bg6 fxe4 22. Bxe4 Rb8 23. Be3 g5 24. 0-0-0 Be6 25. Bd5 Kf7 26. Rd3 Bxd5 27. Rxd5 Rbc8 28. Rhd1 Rc6 29. R1d2 Ke6 30. Kd1 Rhc8 31. c3 Rc4 32. Ke2 Rh4 33. h3 Ra4 34. b3 Rxa2 35. Rxd6+ Bxd6 36. Rxa2 Rxc3 37. Rxa6 Kd5 38. b4 Rb3 39. Bd2 Bxb4 40. Bxb4 Rxb4 41. Rb6 Rb2+ 42. Ke3 Rb3+ 43. Ke2 Ke4 44. f3+ Kf4 45. Rf6+ Kg3 46. Rf5 Kxg2 47. Rxe5 1/2-1/2

[Event "TUR-chT2"]
[Site "Konya"]
[Date "2018.07.12"]
[Round "5.26"]
[White "Arslan, Tayfun"]
[Black "Okumusoglu, Ege"]
[Result "1-0"]
[WhiteElo "1426"]
[BlackElo "1055"]
[PlyCount "56"]
[EventDate "2018.07.10"]
[EventType "team-swiss"]
[EventRounds "9"]
[EventCountry "TUR"]
[SourceTitle "EXT 2019"]
[Source "ChessBase"]
[SourceDate "2018.10.10"]
[SourceVersion "1"]
[SourceVersionDate "2018.10.10"]
[SourceQuality "1"]
[WhiteTeam "Atak Genclik Kirsehi"]
[BlackTeam "Antalya Deniz Genclik"]
[WhiteTeamCountry "TUR"]
[BlackTeamCountry "TUR"]

1. e4 c5 2. Nf3 Nc6 3. d4 cxd4 4. Nxd4 e5 5. Nb5 a6 6. Nd6+ Bxd6 7. Qxd6 Qf6 8. Qxf6 Nxf6 9. f3 d5 10. exd5 Nxd5 11. c3 Bf5 12. Bc4 Nb6 13. Bb3 Rd8 14. 0-0 0-0 15. Nd2 Rfe8 16. Ne4 Nd5 17. Rd1 Bxe4 18. fxe4 Nf6 19. Rf1 Na5 20. Bc2 Nd7 21. b4 Nc6 22. Be3 f6 23. Rad1 b5 24. Bb3+ Kh8 25. Rd2 Nf8 26. Rfd1 Rxd2 27. Rxd2 Rd8 28. Bd5 Nb8 1-0

[Event "TUR Cup										"]
[Site "Antalya"]
[Date "2018.02.01"]
[Round "9"]
[White "Arslan, Tayfun"]
[Black "Alagoz, Mahmut"]
[Result "0-1"]
[WhiteElo "1462"]
[BlackElo "1734"]
[PlyCount "68"]
[EventDate "2018.01.27"]
[EventType "swiss"]
[EventRounds "11"]
[EventCountry "TUR"]
[SourceTitle "CBM 182 Extra"]
[Source "ChessBase"]
[SourceDate "2018.02.23"]
[SourceVersion "1"]
[SourceVersionDate "2018.02.23"]
[SourceQuality "1"]

1. e4 e5 2. Nf3 Nc6 3. Bc4 Be7 4. d4 d6 5. dxe5 dxe5 6. Qxd8+ Bxd8 7. Nc3 Bg4 8. Be3 Nge7 9. h3 Bxf3 10. gxf3 Ng6 11. Bb5 0-0 12. Bxc6 bxc6 13. 0-0-0 f5 14. Rd7 f4 15. Bc5 Rf7 16. Rxf7 Kxf7 17. Kd2 Be7 18. Na4 Rd8+ 19. Ke2 Nh4 20. Rg1 Bxc5 21. Nxc5 Rd2+ 22. Kxd2 Nxf3+ 23. Kc3 Nxg1 24. Na6 Nxh3 25. Nxc7 Nxf2 26. b4 Nxe4+ 27. Kd3 Nd6 28. c4 e4+ 29. Kd4 Nxc4 30. Kxe4 g5 31. Na6 Kf6 32. Nb8 Ne5 33. Kd4 f3 34. Ke3 g4 0-1

[Event "TUR Cup										"]
[Site "Antalya"]
[Date "2018.02.01"]
[Round "8"]
[White "Mermer, Yunus"]
[Black "Arslan, Tayfun"]
[Result "1-0"]
[WhiteElo "1507"]
[BlackElo "1462"]
[PlyCount "88"]
[EventDate "2018.01.27"]
[EventType "swiss"]
[EventRounds "11"]
[EventCountry "TUR"]
[SourceTitle "CBM 182 Extra"]
[Source "ChessBase"]
[SourceDate "2018.02.23"]
[SourceVersion "1"]
[SourceVersionDate "2018.02.23"]
[SourceQuality "1"]

1. d4 Nf6 2. c4 e6 3. Nc3 d5 4. Nf3 c6 5. e3 Bd6 6. Bd3 Nbd7 7. 0-0 0-0 8. Qc2 e5 9. cxd5 cxd5 10. dxe5 Nxe5 11. Nxe5 Bxe5 12. Rd1 Qc7 13. h3 d4 14. exd4 Bxd4 15. Bxh7+ Nxh7 16. Rxd4 Qc5 17. Be3 Bf5 18. Qd2 Qc7 19. Nd5 Qc2 20. Ne7+ Kh8 21. Nxf5 Qxf5 22. Rc1 Nf6 23. Qd3 Qxd3 24. Rxd3 b6 25. Kf1 Rfc8 26. Rdc3 Rxc3 27. Rxc3 Nd5 28. Rc4 f6 29. Ke2 Kg8 30. Rd4 Rd8 31. a3 g5 32. Kf3 Kf7 33. Ke4 Ke6 34. g4 Rd7 35. f4 Nxe3 36. Rxd7 Kxd7 37. Kxe3 Ke6 38. fxg5 fxg5 39. Ke4 Kf6 40. Kf3 a6 41. Kg3 b5 42. h4 gxh4+ 43. Kxh4 a5 44. g5+ Kf7 1-0